Organizácia našej hygienicko-epidemiologickej starostlivosti

Bibliographic Details
Main Author: Macúch, Pavol, 1917-1988 (Author)
Format: Book
Language:Slovak
PhysicalDescription:23, [1] s. 8°
Published: Martin Osveta 1957
Series:Veda ľudu
Subjects:

MARC

LEADER 00000nam a2200000 a 4500
001 vtls008322705
003 SK-MaSNL
005 20260301164617.0
008 181127s1957 xo 000 slo
015 |a SKSNBA1957/07-01005 
035 |a SK01SNK19570014922 
035 |a SKM000017385 
040 |a SNK  |b slo  |c SNK  |e AACR2 
041 1 |a slo 
044 |a xo  |c SK 
080 |a 614.4(041)  |2 1981 
100 1 |a Macúch, Pavol,  |d 1917-1988  |4 aut  |9 80109 
245 1 0 |a Organizácia našej hygienicko-epidemiologickej starostlivosti  |c Pavol Macúch 
260 |a Martin  |b Osveta  |c 1957  |e Martin  |f Severoslovenské tlačiarne 
300 |a 23, [1] s.  |c 8° 
490 1 |a Veda ľudu  |v Roč. 5, č. 23. Séria 2 
500 |a Tab. Prednáška Čs. spoloč. pre šírenie polit. a vedec. poznatkov na Slovensku 
500 |a [Obál. tit.] 
650 0 7 |a hygienicko-epidemiologická starostlivosť  |2 SNKPH  |9 532258 
655 7 |a príručky  |2 SNKPH  |9 74364 
830 0 |a Veda ľudu  |9 303991 
852 |a Slovenská národná knižnica v Martine  |b 10000  |h SD 13617 
852 |a Slovenská národná knižnica v Martine  |b 10000  |h SD 13617 D1 
919 |a brož. 
958 |a OND 
958 |a TL 
958 |a RK 
958 |a BQ 
958 |a ME 
999 |c 821203  |d 823133 
952 |a SNK  |b SNK  |y PREZ  |7 0  |p 17A0507012  |o snkSD 13617  |i snkKSP 1799/57  |0 0  |1 0  |4 0  |d 2006-05-04  |l 0  |r 2025-11-26 00:00:00  |w 2026-02-24